Statistics for Most Populous Countries By Category

Click here to take the quiz!

General Stats

  • This quiz has been taken 56,201 times
  • The average score is 12 of 20

Answer Stats

CategoryCountry% Correct
in the worldIndia
99%
in the world (year 2000)China
97%
entirely in EuropeGermany
95%
in AfricaNigeria
91%
Spanish-speakingMexico
88%
Portuguese-speakingBrazil
81%
entirely on islandsIndonesia
80%
in OceaniaAustralia
79%
Arabic-speakingEgypt
68%
in Central AmericaGuatemala
64%
whose name starts with HHaiti
55%
without land bordersJapan
48%
with an average elevation
less than 50 meters
Netherlands
41%
with a 4 letter nameIran
36%
less than 1,000 km2Singapore
36%
landlockedEthiopia
33%
with more immigrants
than citizens
United Arab Emirates
32%
with no standing armyCosta Rica
28%
with no riversSaudi Arabia
27%
less than 40,000 km2Taiwan
13%

Score Distribution

Percentile by Number Answered

Percent of People with Each Score

Your Score History

You have not taken this quiz